The Fast and the Furious Series Cast - Statistics

General Stats
  • This quiz has been taken 1,353 times
  • The average score is 7 of 15
Answer Stats
Hint Answer % Correct
Paul Walker Brian
95%
Vin Diesel Dominic
88%
Michelle Rodriguez Letty
85%
Jordana Brewster Mia
80%
Tyrese Gibson Roman
74%
Sung Kang Han
67%
Ludacris Tej
62%
Dwayne Johnson Luke
45%
Matt Schulze Vince
43%
Gal Gadot Gisele
35%
Lucas Black Sean
31%
Eva Mendes Monica
16%
Tego Calderon Leo
13%
Thom Berry Bilkins
7%
Don Omar Rico
7%
No matching quizzes found
Score Distribution
Percent of People with Each Score
Percentile by Number Answered
Your Score History
You have not taken this quiz